Cisco NAT Commands - Statistics

General Stats
  • This quiz has been taken 7 times
  • The average score is 4 of 8
Answer Stats
Hint Answer % Correct
NAT interface inside ip nat inside
100%
NAT interface outside ip nat outside
100%
Create NAT pool ip nat pool [name] [first-IP] [last-IP] netmask [mask]
60%
Show NAT translations show ip nat translations
40%
Static NAT assignment ip nat inside source static [inside-local] [inside-global]
20%
Sub-command for PAT overload
20%
Show NAT statistics show ip nat statistics
20%
Assign NAT pool ip nat inside source list [acl-#] pool [pool-name] (overload)
0%
No matching quizzes found
Score Distribution
Percent of People with Each Score
Percentile by Number Answered
Your Score History
You have not taken this quiz